000 00640nam a2200241Ia 4500
003 GCL
008 140319s9999 xx 000 0 ara d
040 _aGCL /
_cGCL
082 0 4 _a500
_bع ع
100 1 _aعظيمون، اسحاق
245 1 0 _aالعملاق النووى /
_cعظيمون، اسحاق
700 1 _aالياس شمعون
260 _a[S.N] :
_bاكاديميا ،
_c1992
300 _a226 ص
490 _a
650 0 4 _aالعلم
650 0 4 _aالكيمياء
650 0 4 _aالفيزياء
650 0 4 _aالفلك
650 0 4 _aالكونيات
650 0 4 _aالبيولوجيا
942 _2ddc
_cBK
999 _c33063
_d33063